Personnalités dont le nom commence par la lettre R (par images) - Statistiques

Statistiques générales
  • Ce quiz a été pris 572 fois
  • Le résultat moyen est 14 sur 20
Statistiques - réponses
Par images Réponse % Correct
Cristiano Ronaldo
99%
Rihanna
98%
Renaud
95%
Teddy Rinner
91%
Franck Ribéry
87%
Jean-Luc Reichmann
87%
Jean Reno
86%
Jean-Paul Rouve
74%
Laurent Ruquier
73%
Daniel Radcliffe
72%
Keanu Reeves
70%
Muriel Robin
69%
Julia Roberts
63%
Wayne Rooney
59%
J. K. Rowling
51%
Jean Rochefort
47%
Pierre Richard
45%
Thierry Roland
39%
Dennis Rodman
26%
Dick Rivers
21%
Aucun quiz correspondant
Distribution des résultats
% des personnes avec chaque résultat
Percentile par nombre de réponses
Votre historique - résultats
Vous n’avez pas pris ce quiz